Návrh rozoberateľného spoja montážneho prípravku pre výrobné stroje
Gespeichert in:
| 1. Verfasser: | |
|---|---|
| Weitere Verfasser: | |
| Format: | Manuskript Buch |
| Sprache: | Slowakisch |
| Veröffentlicht: |
2024
|
| Schlagworte: | |
| Online-Zugang: | http://is.stuba.sk/zp/portal_zp.pl?podrobnosti=179067 |
| Tags: |
Keine Tags, Fügen Sie das erste Tag hinzu!
|
MARC
| LEADER | 00000ntm a22000003a 4500 | ||
|---|---|---|---|
| 001 | stuzp99968 | ||
| 003 | SK-STU | ||
| 005 | 20240615211709.6 | ||
| 007 | ta | ||
| 008 | 150427s2015----xo-----f-mn---000-0-slo-d | ||
| 040 | |a STU |b slo | ||
| 041 | 0 | |a slo | |
| 100 | 1 | |a Pikulia, Vadym |u 020070 |4 aut |U SjF Strojnícka fakulta |T SjF Ústav výrobného inžinierstva a kvality produkcie |X 122865 |U J0070 |Y 804 |7 122865 | |
| 242 | 0 | 1 | |a Design of a dismountable joint of an assembly fixture for production machines |y eng |
| 245 | 1 | 0 | |a Návrh rozoberateľného spoja montážneho prípravku pre výrobné stroje |
| 260 | |c 2024 | ||
| 650 | 4 | |a Modálna analýza |2 slo | |
| 650 | 4 | |a Rám |2 slo | |
| 650 | 4 | |a Zváraný spoj |2 slo | |
| 650 | 4 | |a Skrutkový spoj |2 slo | |
| 650 | 4 | |a Pevnostná analýza |2 slo | |
| 650 | 4 | |a Zaťaženie |2 slo | |
| 650 | 4 | |a Modal analysis |2 eng | |
| 650 | 4 | |a Frame |2 eng | |
| 650 | 4 | |a Welded joint |2 eng | |
| 650 | 4 | |a Bolted joint |2 eng | |
| 650 | 4 | |a Strength analysis |2 eng | |
| 650 | 4 | |a Load |2 eng | |
| 700 | 1 | |a Chlebo, Ondrej |u 020070 |k Z1 |4 ths |U SjF Strojnícka fakulta |T SjF Ústav výrobného inžinierstva a kvality produkcie |X 41363 |U J0070 |Y 804 |7 A000041363 | |
| 856 | 4 | |u http://is.stuba.sk/zp/portal_zp.pl?podrobnosti=179067 | |